Les joueurs portugais passé par Wolverhampton - Statistiques

Statistiques générales
  • Ce quiz a été pris 55 fois
  • Le résultat moyen est 10 sur 26
Statistiques - réponses
Poste Année Joueur % Correct
Arrière droit 2020 - actuel Nélson Semedo
86%
Gardien de but 2018 - 2021 Rui Patrício
82%
Gardien de but 2021 - actuel José Sá
80%
Milieu défensif 2017 - 2023 Rúben Neves
76%
Avant centre 2017 - 2018 (prêt) 2018 - 2020 Diogo Jota
67%
Milieu central 2018 - 2023 João Moutinho
65%
Ailier droit 2019 - 2024 Pedro Neto
61%
Avant centre 2020 - actuel (prêté à Las Palmas jusqu'à 2025) Fábio Silva
59%
Milieu central 2020 - 2021 (prêt) Vitinha
57%
Ailier droit 2020 - 2023 Daniel Podence
51%
Ailier gauche 2022 - actuel Gonçalo Guedes
51%
Milieu central 2022 - 2023 Matheus Nunes
43%
Milieu droit 2024 - actuel Rodrigo Gomes
41%
Ailier droit 2021 - 2022 (prêt) Trincão
39%
Défenseur central 2020 - actuel Toti
35%
Ailier gauche 2025 - 2025 (prêt) Carlos Forbs
24%
Arrière gauche 2017 - 2018 Rúben Vinagre
22%
Ailier gauche 2022 - actuel (prêté à Majorque jusqu'à 2025) Chiquinho
20%
Milieu défensif 2019 - 2022 Bruno Jordão
12%
Ailier gauche 2017 - 2019 Pedro Gonçalves
12%
Défenseur central 2019 - 2023 (U18 et U21) Christian Marques
8%
Défenseur central 2017 - 2020 Roderick Miranda
8%
Milieu offensif 2003 - 2005 Silas
6%
Arrière droit 2016 - 2017 Sílvio
6%
Milieu offensif 2016 - 2017 (prêt) João Teixeira
4%
Milieu défensif 2019 - 2020 (U21) Flávio Cristóvão
0%
Aucun quiz correspondant
Distribution des résultats
% des personnes avec chaque résultat
Percentile par nombre de réponses
Votre historique - résultats
Vous n’avez pas pris ce quiz